Statistics for Hellblazer Franchise

Click here to take the quiz!

General Stats

  • This quiz has been taken 2 times
  • The average score is 4 of 23

Answer Stats

Type Year Name Info % Correct
Comic Series1988-2013, 2019-PresentJohn Constantine, HellblazerDC Comics
100%
Film2005ConstantineWarner Bros.
50%
Comic Mini-Series2008-2009Hellblazer Presents: Chas - The KnowledgeDC Comics
0%
Film2018Constantine City of Demons: The MovieWarner Bros.
0%
Comic One-Shot2016The Hellblazer: RebirthDC Comics
0%
Comic Series2015-2016Constantine: The HellblazerDC Comics
0%
Comic Mini-Series2010-2011Hellblazer: City of DemonsDC Comics
0%
Graphic Novel2010Hellblazer: PandemoniumDC Comics
0%
Graphic Novel2009Dark EntriesDC Comics
0%
Novel2006War LordJohn Shirley
0%
Novel2006SubterraneanJohn Shirley
0%
Comic Mini-Series1995-1996The HorroristDC Comics
0%
Comic Mini-Series2005Hellblazer Special: Papa MidniteDC Comics
0%
Graphic Novel2005John Constantine, Hellblazer: All His EnginesDC Comics
0%
Comic Mini-Series2003Hellblazer Special: Lady ConstantineDC Comics
0%
Comic Mini-Series2000Hellblazer Special: Bad BloodDC Comics
0%
Comic Mini-Series1999The Trenchcoat BrigadeDC Comics
0%
Comic One-Shot1997HeartlandDC Comics
0%
Web Series2018-2019Constantine: City of DemonsCW Seed
0%

Score Distribution

Percentile by Number Answered

Percent of People with Each Score

Your Score History

You have not taken this quiz